| 000 | 00589nam a2200241Ia 4500 | ||
|---|---|---|---|
| 008 | 210210b2005 xxu||||| |||| 00| 0 eng d | ||
| 020 | _a8181473256 | ||
| 041 | _aeng | ||
| 082 | _a581.0724 BHOP | ||
| 100 | _aBHOJWANI (S S) | ||
| 245 |
_aPlant tissue culture. _bTheory and practice |
||
| 260 |
_aNew Delhi _bElsevier Publishers Limited _c2005 |
||
| 300 | _avii,767 | ||
| 650 | _atissue | ||
| 650 | _aTheory | ||
| 650 | _apractice | ||
| 650 | _aPlant | ||
| 650 | _aculture. | ||
| 650 | _aand | ||
| 690 | _aPlant Tissue Culture | ||
| 700 | _aRAZDAN (M K). | ||
| 906 | _a061892 | ||
| 999 |
_c115708 _d115708 |
||